Statistics for European Countries by Government Leader

Click here to take the quiz!

General Stats

  • This quiz has been taken 37 times
  • The average score is 27 of 45

Answer Stats

LeaderCountry% Correct
Vladimir PutinRussia
100%
Volodymyr ZelenskyUkraine
97%
Boris JohnsonUnited Kingdom
97%
Emmanuel MacronFrance
93%
Alexander LukashenkoBelarus
90%
Pope FrancisVatican City
87%
Pedro SánchezSpain
83%
Olaf ScholzGermany
77%
Viktor OrbánHungary
77%
Giorgia MeloniItaly
77%
Mette FrederiksenDenmark
73%
Andrzej DudaPoland
73%
Kyriakos MitsotakisGreece
70%
Jonas Gahr StøreNorway
70%
Magdalena AnderssonSweden
70%
Michael HigginsIreland
67%
Mark RutteNetherlands
67%
Francesco Mussoni/Giacomo SimonciniSan Marino
67%
Katrín JakobsdóttirIceland
63%
Marcelo Rebelo de SousaPortugal
63%
Sanna MarinFinland
60%
Aleksandar VučićSerbia
57%
Ignazio Cassis (+6 more)Switzerland
57%
Petr FialaCzech Republic
53%
Kaja KallasEstonia
53%
Xavier Espot ZamoraAndorra
50%
Pierre DartoutMonaco
50%
Andrej PlenkovićCroatia
47%
Krišjānis KariņšLatvia
47%
Daniel RischLiechtenstein
47%
Ingrida ŠimonytėLithuania
47%
Karl NehammerAustria
43%
Alexander de CrooBelgium
43%
Kiril PetkovBulgaria
43%
Dritan AbazovićMontenegro
43%
Klaus IohannisRomania
43%
Edi RamaAlbania
40%
Zoran TegeltijaBosnia and Herzegovina
40%
Natalia GavrilițaMoldova
40%
Eduard HegerSlovakia
40%
Dimitar KovačevskiNorth Macedonia
37%
Robert AbelaMalta
33%
Xavier BettelLuxembourg
30%
Robert GolobSlovenia
30%
Albin KurtiKosovo
23%

Score Distribution

Percentile by Number Answered

Percent of People with Each Score

Your Score History

You have not taken this quiz